000 00317nam a2200121Ia 4500
008 220204s9999 xx 000 0 und d
082 _a582.28:581.1
_bROB
100 _aROBINSON, Peter M
245 0 _aPractical fungal physiology.
260 _aNew York
_bJohn Wiley
_c1978
650 _aFungal physiology
942 _cBK
999 _c31360
_d31360